Les entraineurs de Ligue 1 2024-2025 - Statistiques

Statistiques générales
  • Ce quiz a été pris 219 fois
  • Le résultat moyen est 14 sur 18
Statistiques - réponses
Hint Réponse % Correct
Roberto De Zerbi Marseille
94%
Luis Enrique Paris SG
92%
Pierre Sage Lyon
91%
Bruno Genesio Lille
87%
Antoine Kombouaré Nantes
87%
Michel Der Zakarian Montpellier
86%
Adi Hutter Monaco
84%
Julien Stéphan Rennes
83%
Eric Roy Brest
81%
Will Still Lens
81%
Franck Haise Nice
73%
Didier Digard Le Havre
69%
Christophe Pélissier Auxerre
66%
Liam Rosenior Strasbourg
65%
Alexandre Dujeux Angers
64%
Carles Martinez Novell Toulouse
58%
Olivier Dall'Oglio Saint-Etienne
57%
Luka Elsner Reims
49%
Aucun quiz correspondant
Distribution des résultats
% des personnes avec chaque résultat
Percentile par nombre de réponses
Votre historique - résultats
Vous n’avez pas pris ce quiz